Brexit and Beyond - Rethinking the Futures of Europe

Salvato in:
Dettagli Bibliografici
Autore principale: Martill, Benjamin
Altri autori: Staiger, Uta
Natura: Libro
Lingua:inglese
Pubblicazione: London University College London 2018
Edizione:1st Edition
Soggetti:
Tags: Aggiungi Tag
Nessun Tag, puoi essere il primo ad aggiungerne!!

MARC

LEADER 00000nam a2200000 4500
001 0278966
005 20240221112609.5
020 |a 978-1-01328-993-4 
041 0 |a eng 
044 |a GB 
245 1 0 |a Brexit and Beyond - Rethinking the Futures of Europe  |c Benjamin Martill, Uta Staiger 
250 |a 1st Edition 
264 1 |a London  |b University College London  |c 2018 
300 |a 293 s. 
610 2 0 |a politika 
610 2 0 |a kríza 
610 2 0 |a dezintegrácia 
610 2 0 |a Európska únia 
610 2 0 |a referendum 
610 2 0 |a voľby 
610 2 0 |a eurozóna 
610 2 0 |a politika zahraničná 
610 2 0 |a politika bezpečnostná 
610 2 0 |a demokracia 
610 2 0 |a brexit 
610 2 0 |a Európska únia 
610 2 0 |a Veľká Británia 
610 2 0 |a Spojené kráľovstvo 
100 1 |a Martill, Benjamin 
700 1 |a Staiger, Uta